000
00334 a2200157 4500
001
75470
020
_a
9788577151295
040
_c
Anchieta - Colégio São Paulo
100
_a
Noto, Carolina
240
1
0
_a
Micromegas
_l
por
245
1
0
_a
Micromegas
300
_a
362
0
_a
2011
650
4
_a
Literatura juvenil
942
_c
BK
999
_c
75470
_d
75470